La fleur du mal Το άνθος του κακού

Η γυναίκα ενός πλούσιου απογόνου καλής οικογένειας σε μια επαρχιακή πόλη κατεβαίνει υποψήφια στις τοπικές εκλογές. Την ίδια εποχή επιστρέφει από την Αμερική ο γιος του και συνεχίζει την ερωτική του σχέση με την ετεροθαλή αδελφή του. Μέσα σ'αυτό το περιβάλλον, αποκαλύπτεται ένα μυστικό της οικογ...

Πλήρης περιγραφή

Αποθηκεύτηκε σε:
Λεπτομέρειες βιβλιογραφικής εγγραφής
Άλλοι συγγραφείς: Chabrol, Claude, 1930-2010 (Διευθυντής), Baye, Nathalie, 1948- (Ηθοποιός), Magimel, Benoît (Ηθοποιός), Flon, Suzanne, 1918-2005 (Ηθοποιός), Chabrol, Thomas (Ηθοποιός)
Μορφή: Διαφάνειες
Γλώσσα:French
Greek
Δημοσίευση: [Χ.τ.] : MK2, c2002.
Σειρά:Χρυσή ταινιοθήκη
Θέματα:
Ετικέτες: Προσθήκη ετικέτας
Δεν υπάρχουν, Καταχωρήστε ετικέτα πρώτοι!

MARC

LEADER 00000cgm a2200000 a 4500
001 1/110251
008 160309s2002####xx ||| | || ||fre||
040 |a GR-MyUa  |b gre  |c GR-MyUa  |e AACR2 
041 0 |a fre  |j gre 
082 7 |a 791.437   |2 (23)  
245 0 3 |a La fleur du mal   |h [μαγνητοσκόπηση] =   |b Το άνθος του κακού /   |c directed by Claude Chabrol.  
246 1 |i Παράλληλος τίτλος:   |a Το άνθος του κακού  
260 |a [Χ.τ.] :   |b MK2,   |c c2002.  
300 |a 1 βιντεοδίσκος (100 λεπτ.) :   |b ομίλ., έγχρ. ;   |c 4 3/4 ίν.  
490 1 |a (Χρυσή ταινιοθήκη) 
508 |a Μουσική, Matthieu Chabrol ; μοντάζ, Monique Fardoulis ; φωτογραφία, Eduardo Serra ; πρωτότυπο σενάριο, Caroline Eliacheff, Louise L. Lambrichs ; παραγωγή, Marin Karmitz.  
511 0 |a Natalie Baye, Benoit Magimel, Suzanne Flon, Bernard Le Coq, Melanie Doutey, Thomas Chabrol.  
520 8 |a Η γυναίκα ενός πλούσιου απογόνου καλής οικογένειας σε μια επαρχιακή πόλη κατεβαίνει υποψήφια στις τοπικές εκλογές. Την ίδια εποχή επιστρέφει από την Αμερική ο γιος του και συνεχίζει την ερωτική του σχέση με την ετεροθαλή αδελφή του. Μέσα σ'αυτό το περιβάλλον, αποκαλύπτεται ένα μυστικό της οικογένειας από τον Β' Παγκόσμιο πόλεμο. 
546 |a Στα γαλλικά με ελληνικούς υπότιτλους.  
650 0 |a Families  |v Drama. 
655 7 |a Feature films  |2 lcgft 
700 1 |a Chabrol, Claude,   |d 1930-2010,  |e drt 
700 1 |a Baye, Nathalie,   |d 1948-  |e act 
700 1 |a Magimel, Benoît,  |e act 
700 1 |a Flon, Suzanne,   |d 1918-2005,  |e act 
700 1 |a Chabrol, Thomas,  |e act 
830 0 |a Χρυσή ταινιοθήκη 
852 |a INST  |b SYROS  |c AV  |e 20160309  |h 791.437 CHA  |p 005500011773  |q 005500011773  |t DVD  |y 23 
970 |a Κοντού  |b Παρασκευή  |z 09/03/2016